[Event "Oberliga NRW 1718"]
[Site "Germany"]
[Date "2018.04.29"]
[Round "9.8"]
[White "Nent, Alexander"]
[Black "Wittenberg, Andreas"]
[Result "1/2-1/2"]
[WhiteElo "2062"]
[BlackElo "2171"]
[PlyCount "37"]
[EventDate "2017.09.17"]
[EventType "team-tourn"]
[EventRounds "9"]
[EventCountry "GER"]
[SourceTitle "EXT 2019"]
[Source "ChessBase"]
[SourceDate "2018.10.10"]
[SourceVersion "1"]
[SourceVersionDate "2018.10.10"]
[SourceQuality "1"]
[WhiteTeam "Dinslaken"]
[BlackTeam "Muelheim Nord II"]
[WhiteTeamCountry "GER"]
[BlackTeamCountry "GER"]

1. Nf3 Nf6 2. g3 b6 3. Bg2 Bb7 4. 0-0 e6 5. c4 d5 6. Ne5 Nbd7 7. d4 Bd6 8. Nxd7 Qxd7 9. Nc3 c6 10. e4 dxe4 11. Nxe4 Nxe4 12. Bxe4 0-0 13. c5 Be7 14. Be3 Ba6 15. Re1 Rfd8 16. Rc1 b5 17. b4 Bb7 18. Qc2 g6 19. Qb2 1/2-1/2

[Event "Oberliga NRW 1718"]
[Site "Germany"]
[Date "2018.03.11"]
[Round "7.7"]
[White "Voge, Andreas"]
[Black "Nent, Alexander"]
[Result "1/2-1/2"]
[WhiteElo "2052"]
[BlackElo "2062"]
[PlyCount "70"]
[EventDate "2017.09.17"]
[EventType "team-tourn"]
[EventRounds "9"]
[EventCountry "GER"]
[SourceTitle "EXT 2019"]
[Source "ChessBase"]
[SourceDate "2018.10.10"]
[SourceVersion "1"]
[SourceVersionDate "2018.10.10"]
[SourceQuality "1"]
[WhiteTeam "Oberhausen"]
[BlackTeam "Dinslaken"]
[WhiteTeamCountry "GER"]
[BlackTeamCountry "GER"]

1. e4 c5 2. Nf3 Nc6 3. d4 cxd4 4. Nxd4 Nf6 5. Nc3 d6 6. Bc4 Bd7 7. 0-0 g6 8. h3 Bg7 9. Be3 0-0 10. Qd2 Rc8 11. Bb3 a6 12. Rad1 b5 13. a3 Na5 14. Rfe1 Nc4 15. Bxc4 Rxc4 16. Qd3 Qa8 17. b3 Rc7 18. Nde2 Rfc8 19. Bd4 e5 20. Be3 Rc6 21. Rd2 Be6 22. g4 Bc4 23. bxc4 bxc4 24. Qxd6 Rxd6 25. Rxd6 Nxe4 26. Nxe4 Qxe4 27. Red1 Qa8 28. Nc3 Bf8 29. Rd7 Qf3 30. g5 Qxh3 31. Nd5 Qg4+ 32. Kh2 Qh4+ 33. Kg2 Qg4+ 34. Kh2 Qh4+ 35. Kg2 Qg4+ 1/2-1/2

[Event "Karlsruhe Grenke op"]
[Site "Karlsruhe"]
[Date "2017.04.13"]
[Round "1"]
[White "Nent, Alexander"]
[Black "Demchenko, Anton"]
[Result "1/2-1/2"]
[WhiteElo "2142"]
[BlackElo "2628"]
[PlyCount "118"]
[EventDate "2017.04.13"]
[EventType "swiss"]
[EventRounds "9"]
[EventCountry "GER"]
[SourceTitle "CBM 177 Extra"]
[Source "ChessBase"]
[SourceDate "2017.04.27"]
[SourceVersion "1"]
[SourceVersionDate "2017.04.27"]
[SourceQuality "1"]

1. Nf3 Nf6 2. g3 g6 3. b3 Bg7 4. Bb2 0-0 5. Bg2 d6 6. d4 Nbd7 7. 0-0 Re8 8. c4 e5 9. Nc3 c6 10. dxe5 dxe5 11. Ng5 Qe7 12. Nge4 Nxe4 13. Nxe4 f5 14. Nd6 Rd8 15. Nxc8 Raxc8 16. e4 f4 17. Bh3 Rb8 18. Qc2 Nc5 19. Rad1 h5 20. b4 Ne6 21. Bxe6+ Qxe6 22. Qb3 a6 23. c5 Qxb3 24. axb3 f3 25. h3 Kf7 26. Rfe1 Ke6 27. Bc1 Rd4 28. Bb2 Rdd8 29. Bc1 Bf6 30. Be3 Be7 31. h4 Ra8 32. Kh2 Rh8 33. Rd3 a5 34. bxa5 Rxa5 35. Rc1 Rd8 36. Rxd8 Bxd8 37. Rc3 Ra2 38. Kh3 Be7 39. g4 Ra1 40. Bc1 Bd8 41. b4 Rb1 42. Rc4 Bf6 43. g5 Bd8 44. Kg3 Kd7 45. Kxf3 b5 46. cxb6 Bxb6 47. Kg2 Rb3 48. Bd2 Rb2 49. Be1 Bd4 50. Kf1 Rb3 51. Kg2 Rb1 52. Kf1 Rb3 53. Kg2 Rd3 54. Rc2 Rd1 55. Kf1 Rd3 56. Kg2 Rd1 57. Kf1 Rd3 58. Kg2 Rd1 59. Kf1 Rd3 1/2-1/2

[Event "NRW Class1 1617"]
[Site "Germany"]
[Date "2017.03.26"]
[Round "8.4"]
[White "Nent, Alexander"]
[Black "Bouaraba, Max"]
[Result "1-0"]
[WhiteElo "2095"]
[BlackElo "2192"]
[PlyCount "65"]
[EventDate "2016.09.25"]
[EventType "team-tourn"]
[EventRounds "9"]
[EventCountry "GER"]
[SourceTitle "EXT 2023"]
[Source "ChessBase"]
[SourceDate "2022.10.05"]
[SourceVersion "1"]
[SourceVersionDate "2022.10.05"]
[SourceQuality "1"]
[WhiteTeam "Ratingen"]
[BlackTeam "Plettenberg"]
[WhiteTeamCountry "GER"]
[BlackTeamCountry "GER"]

1. Nf3 d5 2. d4 Nf6 3. c4 e6 4. g3 Be7 5. Bg2 0-0 6. 0-0 a6 7. Qc2 b5 8. c5 Nc6 9. a4 Bd7 10. Bf4 Nb4 11. Qb3 a5 12. axb5 Bxb5 13. Nc3 Bc4 14. Qd1 Ne4 15. Ne5 f5 16. Nxc4 dxc4 17. Nxe4 fxe4 18. Bxe4 Nd5 19. Be5 Bf6 20. Qc2 Bxe5 21. Bxh7+ Kh8 22. dxe5 Qg5 23. Be4 Qxe5 24. Qxc4 c6 25. Bg2 Qxb2 26. Qh4+ Kg8 27. e4 Rxf2 28. Bh3 Rxf1+ 29. Rxf1 Qd4+ 30. Kh1 Nc7 31. Qf4 Qd7 32. Qd6 Rd8 33. Rf8+ 1-0

[Event "NRW Class1 1617"]
[Site "Germany"]
[Date "2016.10.23"]
[Round "2.3"]
[White "Nent, Alexander"]
[Black "Vos, Thomas"]
[Result "0-1"]
[WhiteElo "2095"]
[BlackElo "2273"]
[PlyCount "72"]
[EventDate "2016.09.25"]
[EventType "team-tourn"]
[EventRounds "9"]
[EventCountry "GER"]
[SourceTitle "EXT 2023"]
[Source "ChessBase"]
[SourceDate "2022.10.05"]
[SourceVersion "1"]
[SourceVersionDate "2022.10.05"]
[SourceQuality "1"]
[WhiteTeam "Ratingen"]
[BlackTeam "Neuenkirchen"]
[WhiteTeamCountry "GER"]
[BlackTeamCountry "GER"]

1. d4 e6 2. c4 f5 3. g3 Nf6 4. Bg2 d5 5. Nf3 Bb4+ 6. Bd2 Bd6 7. 0-0 c6 8. Qb3 Nbd7 9. Bb4 Qe7 10. Bxd6 Qxd6 11. Nc3 0-0 12. Rad1 Kh8 13. e3 b6 14. cxd5 exd5 15. Qa4 a5 16. Rc1 Ba6 17. Rfd1 Rac8 18. Qb3 b5 19. Qc2 b4 20. Na4 Ne4 21. Nd2 Bb5 22. f3 Nxd2 23. Rxd2 Qh6 24. f4 Rce8 25. Nc5 Nf6 26. Qxf5 Ne4 27. Bxe4 Rxf5 28. Bxf5 Rxe3 29. Nd7 Qh5 30. g4 Qh4 31. Rf2 g6 32. Ne5 gxf5 33. gxf5 Qf6 34. Rg2 Qxf5 35. Kh1 Bd3 36. Rxc6 Re1+ 0-1

[Event "Goch op 27th"]
[Site "Goch"]
[Date "2016.09.04"]
[Round "6"]
[White "Nent, Alexander"]
[Black "Ydo, Pim"]
[Result "1/2-1/2"]
[WhiteElo "2095"]
[BlackElo "1976"]
[PlyCount "92"]
[EventDate "2016.09.01"]
[EventType "swiss"]
[EventRounds "7"]
[EventCountry "GER"]
[SourceTitle "EXT 2018"]
[Source "ChessBase"]
[SourceDate "2017.10.13"]
[SourceVersion "1"]
[SourceVersionDate "2017.10.13"]
[SourceQuality "1"]

1. d4 f5 2. g3 Nf6 3. Bg2 e6 4. c4 d5 5. Nc3 c6 6. Nf3 Bd6 7. 0-0 0-0 8. Qc2 Ne4 9. Rb1 a5 10. a3 Nxc3 11. Qxc3 Nd7 12. b4 axb4 13. axb4 Nf6 14. c5 Ne4 15. Qb2 Bc7 16. Ne5 Nf6 17. Nd3 Bd7 18. Bf4 Bxf4 19. Nxf4 Qe7 20. Ra1 Rfb8 21. Rxa8 Rxa8 22. Ra1 Qd8 23. Ra3 Qb8 24. Qa1 Rxa3 25. Qxa3 g5 26. Nd3 Be8 27. Ne5 Nd7 28. Qe3 Nxe5 29. dxe5 Qd8 30. Qd4 Bg6 31. h4 h6 32. hxg5 hxg5 33. f3 Qe7 34. e4 fxe4 35. fxe4 Bxe4 36. Bxe4 dxe4 37. Qxe4 Qh7 38. Qxh7+ Kxh7 39. g4 Kg7 40. Kf2 Kf7 41. Ke3 Ke7 42. Kd4 Kd7 43. Kc4 Kc7 44. b5 b6 45. Kb4 Kb7 46. Kc4 Kc7 1/2-1/2

[Event "Goch op 27th"]
[Site "Goch"]
[Date "2016.09.03"]
[Round "4"]
[White "Nent, Alexander"]
[Black "Geers, Bernhard"]
[Result "1-0"]
[WhiteElo "2095"]
[BlackElo "1956"]
[PlyCount "43"]
[EventDate "2016.09.01"]
[EventType "swiss"]
[EventRounds "7"]
[EventCountry "GER"]
[SourceTitle "EXT 2018"]
[Source "ChessBase"]
[SourceDate "2017.10.13"]
[SourceVersion "1"]
[SourceVersionDate "2017.10.13"]
[SourceQuality "1"]

1. Nf3 Nf6 2. g3 g6 3. b3 Bg7 4. Bb2 0-0 5. Bg2 d5 6. c4 c6 7. 0-0 Bf5 8. d3 Qb6 9. Nbd2 a5 10. a3 Na6 11. Qc2 Rac8 12. Bc3 Ng4 13. Bxg7 Kxg7 14. Qc3+ f6 15. e4 Be6 16. h3 Nh6 17. Rae1 dxc4 18. bxc4 Qc7 19. e5 Kf7 20. g4 Rce8 21. Ne4 Qc8 22. exf6 1-0

[Event "Goch op 27th"]
[Site "Goch"]
[Date "2016.09.02"]
[Round "3"]
[White "Arts, Stefan"]
[Black "Nent, Alexander"]
[Result "1-0"]
[WhiteElo "2090"]
[BlackElo "2095"]
[PlyCount "65"]
[EventDate "2016.09.01"]
[EventType "swiss"]
[EventRounds "7"]
[EventCountry "GER"]
[SourceTitle "EXT 2018"]
[Source "ChessBase"]
[SourceDate "2017.10.13"]
[SourceVersion "1"]
[SourceVersionDate "2017.10.13"]
[SourceQuality "1"]

1. e4 g6 2. d4 Bg7 3. Be3 d6 4. Qd2 a6 5. f3 Nd7 6. Bd3 c5 7. c3 b5 8. Ne2 Bb7 9. 0-0 Ngf6 10. a4 c4 11. Bc2 0-0 12. Na3 Rb8 13. d5 Nc5 14. Nd4 e5 15. dxe6 Nxe6 16. axb5 Nxd4 17. Bxd4 axb5 18. Ba7 Bc6 19. Bxb8 Qxb8 20. Bb1 d5 21. exd5 Rd8 22. Be4 Qe5 23. Rfe1 Qh5 24. Nc2 Bh6 25. Qf2 Nxd5 26. Bxd5 Bxd5 27. Qb6 Rc8 28. Qd6 Ba8 29. Nd4 Qh4 30. Qd7 Rf8 31. Re8 Qf4 32. Rxf8+ Kg7 33. Rxf7+ 1-0

[Event "Goch op 26th"]
[Site "Goch"]
[Date "2015.09.06"]
[Round "7"]
[White "Avis, Fred"]
[Black "Nent, Alexander"]
[Result "0-1"]
[WhiteElo "1886"]
[BlackElo "2035"]
[PlyCount "78"]
[EventDate "2015.09.03"]
[EventType "swiss"]
[EventRounds "7"]
[EventCountry "GER"]
[SourceTitle "EXT 2018"]
[Source "ChessBase"]
[SourceDate "2017.10.13"]
[SourceVersion "1"]
[SourceVersionDate "2017.10.13"]
[SourceQuality "1"]

1. d4 e6 2. c4 Nf6 3. Nc3 Bb4 4. a3 Bxc3+ 5. bxc3 b6 6. f3 Ba6 7. Nh3 Bxc4 8. g3 0-0 9. Bg2 d5 10. 0-0 c5 11. Re1 cxd4 12. cxd4 Nc6 13. Bb2 Rc8 14. e4 Na5 15. e5 Nd7 16. Rc1 Qe7 17. f4 Rc6 18. Qh5 Bd3 19. Nf2 Bg6 20. Qf3 Rfc8 21. Rxc6 Rxc6 22. g4 Rc2 23. Bc1 Qh4 24. Rf1 h5 25. g5 Nb8 26. Qd1 Nbc6 27. Bf3 Nb3 28. Be3 Rc3 29. Qe1 Rc4 30. Qd1 Nbxd4 31. Bg2 Nc2 32. Bc1 N6d4 33. Nd3 Bxd3 34. Qxd3 Ne1 35. Qe3 Rxc1 36. Qxd4 Rc2 37. Rf2 Qxf2+ 38. Qxf2 Rxf2 39. Kxf2 Nxg2 0-1

[Event "Goch op 26th"]
[Site "Goch"]
[Date "2015.09.05"]
[Round "4"]
[White "Coenen, Michael"]
[Black "Nent, Alexander"]
[Result "1-0"]
[WhiteElo "2435"]
[BlackElo "2035"]
[PlyCount "65"]
[EventDate "2015.09.03"]
[EventType "swiss"]
[EventRounds "7"]
[EventCountry "GER"]
[SourceTitle "EXT 2018"]
[Source "ChessBase"]
[SourceDate "2017.10.13"]
[SourceVersion "1"]
[SourceVersionDate "2017.10.13"]
[SourceQuality "1"]

1. e4 c5 2. Nf3 g6 3. d4 cxd4 4. Nxd4 Nc6 5. Be3 Nf6 6. Nc3 Bg7 7. f3 0-0 8. Bc4 Qb6 9. 0-0 Ng4 10. fxg4 Bxd4 11. Bxd4 Qxd4+ 12. Qxd4 Nxd4 13. Rf2 d6 14. Nd5 Bxg4 15. Nxe7+ Kg7 16. Rd2 Rae8 17. Rxd4 Rxe7 18. e5 Bf5 19. exd6 Re4 20. Rxe4 Bxe4 21. c3 Rd8 22. Rd1 f5 23. Be2 Kf6 24. c4 Ke5 25. c5 a5 26. a3 a4 27. Bb5 Bc2 28. Rd2 Bb3 29. Re2+ Kd5 30. d7 Kxc5 31. Re8 Kxb5 32. Rxd8 Kc6 33. Rb8 1-0

[Event "Goch op 26th"]
[Site "Goch"]
[Date "2015.09.05"]
[Round "5"]
[White "Nent, Alexander"]
[Black "Vovchik, Vladimir"]
[Result "1-0"]
[WhiteElo "2035"]
[BlackElo "1849"]
[PlyCount "103"]
[EventDate "2015.09.03"]
[EventType "swiss"]
[EventRounds "7"]
[EventCountry "GER"]
[SourceTitle "EXT 2018"]
[Source "ChessBase"]
[SourceDate "2017.10.13"]
[SourceVersion "1"]
[SourceVersionDate "2017.10.13"]
[SourceQuality "1"]

1. Nf3 d5 2. d4 c6 3. c4 Nf6 4. Qc2 h6 5. Nbd2 Nbd7 6. g3 g5 7. Bg2 e6 8. 0-0 a5 9. Rd1 Bg7 10. e4 0-0 11. e5 Nh7 12. h4 g4 13. Nh2 h5 14. Bf1 f5 15. exf6 Qxf6 16. Nb1 Rf7 17. Bd3 Ndf8 18. Nc3 a4 19. a3 Kh8 20. Bf4 Bd7 21. Be5 Qh6 22. Re1 c5 23. Bxg7+ Qxg7 24. dxc5 Bc6 25. cxd5 exd5 26. Nb5 Nd7 27. Nd6 Rff8 28. Re6 Nhf6 29. Nf5 Qg8 30. Rae1 Rae8 31. Ne7 Qg7 32. Ng6+ Kg8 33. Nxf8 Kxf8 34. Rxe8+ Nxe8 35. Bg6 Nef6 36. Qf5 Kg8 37. Bxh5 Nxh5 38. Qxh5 Nxc5 39. Nxg4 Ne4 40. Nh6+ Kf8 41. Qf5+ Ke7 42. Qxe4+ dxe4 43. Nf5+ Kf6 44. Nxg7 Kxg7 45. g4 Kf6 46. Kh2 Ke5 47. Kg3 Kd4 48. Rc1 Kd3 49. h5 Kd2 50. Rc3 Bd5 51. g5 b5 52. h6 1-0

[Event "Goch op 24th"]
[Site "Goch"]
[Date "2013.09.06"]
[Round "3"]
[White "Nent, Alexander"]
[Black "Nabuurs, Joep"]
[Result "1/2-1/2"]
[WhiteElo "2020"]
[BlackElo "2200"]
[PlyCount "84"]
[EventDate "2013.09.05"]
[EventType "swiss"]
[EventRounds "7"]
[EventCountry "GER"]
[SourceTitle "EXT 2015"]
[Source "ChessBase"]
[SourceDate "2014.11.20"]
[SourceVersion "1"]
[SourceVersionDate "2014.11.20"]
[SourceQuality "1"]

1. Nf3 Nf6 2. g3 d5 3. d4 c6 4. Bg2 Bf5 5. 0-0 e6 6. c3 h6 7. Qb3 Qb6 8. Bf4 Nbd7 9. Ne5 Nxe5 10. Bxe5 Be7 11. Nd2 0-0 12. Bxf6 Bxf6 13. e4 Bg6 14. exd5 exd5 15. Rfe1 Rfe8 16. Qxb6 axb6 17. a3 Bf5 18. h4 Kf8 19. Nf3 g5 20. hxg5 hxg5 21. Nd2 Rxe1+ 22. Rxe1 Re8 23. Rxe8+ Kxe8 24. Nf1 Ke7 25. Ne3 Bb1 26. Kf1 Bg7 27. Bh3 Kd8 28. Ke2 c5 29. dxc5 d4 30. cxd4 bxc5 31. dxc5 Bxb2 32. Nc4 Bd4 33. Nd6 Ke7 34. Nxb7 Be4 35. Nd6 Bc2 36. Nf5+ Bxf5 37. Bxf5 Bxc5 38. a4 Kd6 39. f3 Kc7 40. Kd3 Bd6 41. g4 Be5 42. Kc4 Kb6 1/2-1/2

[Event "Goch op 21st"]
[Site "Goch"]
[Date "2010.10.03"]
[Round "7"]
[White "Hermsen, Frederik"]
[Black "Nent, Alexander"]
[Result "0-1"]
[WhiteElo "1897"]
[BlackElo "2010"]
[PlyCount "78"]
[EventDate "2010.09.30"]
[EventType "swiss"]
[EventRounds "7"]
[EventCountry "GER"]
[SourceTitle "EXT 2012"]
[Source "ChessBase"]
[SourceDate "2011.11.24"]
[SourceVersion "1"]
[SourceVersionDate "2011.11.24"]
[SourceQuality "1"]

1. d4 Nf6 2. c4 c5 3. e3 g6 4. Nf3 Bg7 5. Nc3 0-0 6. Be2 cxd4 7. exd4 d5 8. b3 Nc6 9. Bb2 Bg4 10. c5 b6 11. cxb6 Qxb6 12. Na4 Qb4+ 13. Bc3 Qd6 14. 0-0 Ne4 15. Bb2 Rac8 16. h3 Bf5 17. a3 a5 18. Bb5 Na7 19. Bd3 Qf4 20. Bc1 Qb8 21. Re1 Nb5 22. Bb2 Nbd6 23. Rb1 Qa7 24. Re2 g5 25. Nc5 h6 26. g4 Bh7 27. b4 f5 28. Ne6 fxg4 29. Nxf8 gxf3 30. Rc2 Rxf8 31. Rbc1 Qd7 32. Qf1 g4 33. Kh2 Qf5 34. hxg4 Qf4+ 35. Kh1 Qxg4 36. Qg1 Qf4 37. Qh2 Nxf2+ 38. Qxf2 Bxd3 39. Rd2 Ne4 0-1

[Event "Goch op 21st"]
[Site "Goch"]
[Date "2010.10.03"]
[Round "6"]
[White "Nent, Alexander"]
[Black "Benning, Tim"]
[Result "0-1"]
[WhiteElo "2010"]
[BlackElo "2127"]
[PlyCount "80"]
[EventDate "2010.09.30"]
[EventType "swiss"]
[EventRounds "7"]
[EventCountry "GER"]
[SourceTitle "EXT 2012"]
[Source "ChessBase"]
[SourceDate "2011.11.24"]
[SourceVersion "1"]
[SourceVersionDate "2011.11.24"]
[SourceQuality "1"]

1. Nf3 d5 2. c4 c6 3. g3 Nf6 4. Bg2 e6 5. 0-0 Be7 6. d4 0-0 7. Nbd2 Nbd7 8. Qc2 b6 9. e4 Bb7 10. b3 dxe4 11. Nxe4 c5 12. Nxf6+ Nxf6 13. dxc5 Bxc5 14. Bb2 Be4 15. Qc3 Qe7 16. Rad1 Rad8 17. Qe5 Bd3 18. Rxd3 Rxd3 19. Qg5 h6 20. Qh4 Nd7 21. Qe4 Qd6 22. Qg4 f6 23. Qg6 Rd1 24. Ne1 Ne5 25. Qe4 Nd3 26. Nxd3 Rxd3 27. Qg6 e5 28. Bd5+ Rxd5 29. cxd5 Qxd5 30. Bc1 Qf7 31. Qg4 h5 32. Qf5 Rd8 33. h4 g6 34. Qe4 Kg7 35. Bb2 Qd5 36. Qa4 a5 37. Ba3 Bd4 38. Rc1 Qf3 39. Rc7+ Kh8 40. Rd7 Qxf2+ 0-1

[Event "Goch op 19th"]
[Site "Goch"]
[Date "2008.10.11"]
[Round "4"]
[White "Rettenbacher, Stefan"]
[Black "Nent, Alexander"]
[Result "0-1"]
[WhiteElo "2129"]
[BlackElo "1936"]
[PlyCount "102"]
[EventDate "2008.10.09"]
[EventType "swiss"]
[EventRounds "7"]
[EventCountry "GER"]
[SourceTitle "EXT 2011"]
[Source "ChessBase"]
[SourceDate "2010.11.26"]
[SourceVersion "1"]
[SourceVersionDate "2010.11.26"]
[SourceQuality "1"]

1. d4 f5 2. e4 fxe4 3. Nc3 Nf6 4. Bg5 Nc6 5. d5 Ne5 6. Qd4 Nf7 7. Bxf6 exf6 8. Nxe4 Be7 9. 0-0-0 0-0 10. g4 d6 11. Ng3 c5 12. Qe4 Re8 13. Bd3 Ng5 14. Qf4 Nf7 15. Nf3 Bf8 16. Nh5 Ne5 17. Nxe5 fxe5 18. Qe4 g6 19. h4 Rb8 20. g5 Be7 21. Ng3 Rf8 22. Qe2 Rf4 23. Rdg1 Bg4 24. Qe3 Bf3 25. Ne4 c4 26. Rh3 cxd3 27. Rxf3 Rxf3 28. Qxf3 dxc2 29. Kxc2 Rc8+ 30. Kb1 Qc7 31. Qd3 Qc4 32. Rd1 Qb4 33. a3 Qa5 34. Qh3 Qc7 35. Qd3 b5 36. Qd2 Qc4 37. f3 Qb3 38. Qd3 Qa4 39. Rc1 Rxc1+ 40. Kxc1 Qa5 41. Qc3 Qb6 42. Kb1 Qg1+ 43. Ka2 Qf1 44. Qc8+ Kg7 45. Qc7 Kf8 46. Nxd6 Qxf3 47. Qc8+ Kg7 48. Ne8+ Kf7 49. Qe6+ Kxe8 50. d6 Qf7 51. d7+ Kf8 0-1

[Event "Duesseldorf Nord Cup 8th GrF"]
[Site "Duesseldorf"]
[Date "2008.08.02"]
[Round "2"]
[White "Nent, Alexander"]
[Black "Gossmann, Jochen"]
[Result "0-1"]
[WhiteElo "1799"]
[BlackElo "1793"]
[PlyCount "46"]
[EventDate "2008.08.01"]
[EventType "tourn"]
[EventRounds "5"]
[EventCountry "GER"]
[SourceTitle "EXT 2017"]
[Source "ChessBase"]
[SourceDate "2016.10.25"]
[SourceVersion "1"]
[SourceVersionDate "2016.10.25"]
[SourceQuality "1"]

1. Nf3 Nf6 2. c4 g6 3. d4 Bg7 4. Nc3 d6 5. e4 0-0 6. Be2 e5 7. 0-0 Nc6 8. d5 Ne7 9. Nd2 Nd7 10. b4 f5 11. f3 a5 12. Ba3 Nf6 13. c5 f4 14. Nc4 axb4 15. Bxb4 Ne8 16. a4 Rf6 17. Qb3 g5 18. Nxe5 Rh6 19. Nc4 Bd4+ 20. Kh1 dxc5 21. Ba3 Nd6 22. e5 Qe8 23. Ne4 Rxh2+ 0-1

[Event "Dortmund Sparkassen op"]
[Site "Dortmund"]
[Date "2008.07.01"]
[Round "3"]
[White "Zeldin, Leonid"]
[Black "Nent, Alexander"]
[Result "1/2-1/2"]
[WhiteElo "2068"]
[BlackElo "1920"]
[PlyCount "66"]
[EventDate "2008.06.30"]
[EventType "swiss"]
[EventRounds "9"]
[EventCountry "GER"]
[SourceTitle "CBM 125 Extra"]
[Source "ChessBase"]
[SourceDate "2008.09.01"]
[SourceVersion "1"]
[SourceVersionDate "2008.09.01"]
[SourceQuality "1"]

1. e4 d5 2. exd5 Qxd5 3. Nc3 Qa5 4. d4 Nf6 5. Bc4 c6 6. Nge2 Bf5 7. Ng3 e6 8. Qe2 Be7 9. Be3 Nbd7 10. 0-0-0 Bb4 11. Bd2 0-0-0 12. Nxf5 Qxf5 13. f3 Nb6 14. a3 Bxc3 15. Bxc3 Nxc4 16. Qxc4 Nd5 17. Bd2 Nf4 18. Bxf4 Qxf4+ 19. Kb1 Rd5 20. c3 Rhd8 21. Rde1 h5 22. Re4 Qd2 23. Qe2 Qxe2 24. Rxe2 c5 25. dxc5 Rxc5 26. Kc2 Rcd5 27. b4 Kc7 28. a4 R8d6 29. Rc1 g5 30. Kb3 Rd2 31. Rc2 Rd1 32. Re5 f6 33. Re3 e5 1/2-1/2

[Event "FICGS rapid A 000047 email"]
[Site "FICGS email"]
[Date "2008.06.14"]
[Round "1"]
[White "Gounant, Stanislas"]
[Black "Nent, Alexander"]
[Result "1-0"]
[WhiteElo "1958"]
[BlackElo "1957"]
[PlyCount "21"]
[EventDate "2008.??.??"]
[EventType "tourn (rapid)"]
[EventRounds "6"]
[SourceTitle "Corr 2022"]
[Source "ChessBase"]
[SourceDate "2021.10.24"]
[SourceVersion "1"]
[SourceVersionDate "2021.10.24"]
[SourceQuality "1"]

1. e4 c5 2. Nc3 Nc6 3. Bb5 g6 4. Bxc6 bxc6 5. d3 Bg7 6. Nge2 Nf6 7. Be3 d6 8. Qc1 Rb8 9. b3 0-0 10. Bh6 Qc7 11. h3 1-0

[Event "FICGS rapid A 000047 email"]
[Site "FICGS email"]
[Date "2008.06.14"]
[Round "1"]
[White "Nent, Alexander"]
[Black "Tomlin, Lincoln"]
[Result "0-1"]
[WhiteElo "1957"]
[BlackElo "1955"]
[PlyCount "26"]
[EventDate "2008.??.??"]
[EventType "tourn (rapid)"]
[EventRounds "6"]
[SourceTitle "Corr 2022"]
[Source "ChessBase"]
[SourceDate "2021.10.24"]
[SourceVersion "1"]
[SourceVersionDate "2021.10.24"]
[SourceQuality "1"]

1. d4 d5 2. c4 c6 3. Nf3 Nf6 4. Nc3 dxc4 5. a4 Bf5 6. Ne5 Nbd7 7. Nxc4 Nb6 8. Ne5 a5 9. f3 Nfd7 10. Nxd7 Bxd7 11. e4 e6 12. Be3 Bb4 13. Be2 0-0 0-1

[Event "FICGS rapid A 000046 email"]
[Site "FICGS email"]
[Date "2008.05.27"]
[Round "1"]
[White "Nent, Alexander"]
[Black "Boehme, Sebastian"]
[Result "0-1"]
[WhiteElo "1957"]
[BlackElo "1999"]
[PlyCount "58"]
[EventDate "2008.??.??"]
[EventType "tourn (rapid)"]
[EventRounds "6"]
[SourceTitle "Corr 2022"]
[Source "ChessBase"]
[SourceDate "2021.10.24"]
[SourceVersion "1"]
[SourceVersionDate "2021.10.24"]
[SourceQuality "1"]

1. c4 e5 2. g3 Nf6 3. Bg2 d5 4. cxd5 Nxd5 5. Nf3 Nc6 6. 0-0 Nb6 7. d3 Be7 8. Nbd2 0-0 9. a3 a5 10. b3 Be6 11. Bb2 f6 12. Qc2 Qd7 13. e3 Rfd8 14. d4 exd4 15. Nxd4 Nxd4 16. Bxd4 c5 17. Bxc5 Rac8 18. b4 Nd5 19. Nb3 b6 20. e4 Nxb4 21. axb4 axb4 22. Rfd1 Qc7 23. Rxd8+ Rxd8 24. Nd4 Rxd4 25. Qa4 bxc5 26. Qe8+ Bf8 27. Qxe6+ Qf7 28. Bh3 g6 29. Ra7 Qxe6 0-1

[Event "FICGS rapid A 000046 email"]
[Site "FICGS email"]
[Date "2008.05.27"]
[Round "1"]
[White "Nent, Alexander"]
[Black "Dorin, Iacob"]
[Result "0-1"]
[WhiteElo "1957"]
[BlackElo "1943"]
[PlyCount "54"]
[EventDate "2008.??.??"]
[EventType "tourn (rapid)"]
[EventRounds "6"]
[SourceTitle "Corr 2022"]
[Source "ChessBase"]
[SourceDate "2021.10.24"]
[SourceVersion "1"]
[SourceVersionDate "2021.10.24"]
[SourceQuality "1"]

1. Nf3 d5 2. d4 Nf6 3. c4 c6 4. Qc2 g6 5. g3 Bg7 6. Bg2 0-0 7. 0-0 Bf5 8. Qb3 Qb6 9. Nc3 Qxb3 10. axb3 e6 11. Bf4 Ne4 12. h3 Nd7 13. g4 Nxc3 14. bxc3 Be4 15. Nd2 Bxg2 16. Kxg2 Rfe8 17. Bd6 e5 18. e3 exd4 19. cxd4 c5 20. Nf3 dxc4 21. bxc4 Re6 22. Bf4 a5 23. Rfb1 Rb6 24. Rc1 a4 25. Ra2 Rb4 26. Bd6 Bf8 27. Bxf8 Kxf8 0-1